000 00599nam a22002177a 4500
003 UA-OsUOA
001 128558
007 ta
008 20180117b un ||||| |||| 00| 0 ukr d
100 _aКучера М. П.
090 _a902
_bК95
942 _cSA
040 _aUA-OsUOA
_bfre
_cUA-OsUOA
_dUA-OsUOA
245 _aГородища уличів у Середньому Побужжі
300 _aС.61-74
955 _a0
041 _afre
080 _a902
773 0 _w128555
_tАрхеологія
_dК.
_d2017
_g4
650 7 _a9 Географія. Біографії. Історія
_2UDC
999 _c416113
_d416113